Southville International School and Colleges
Your cart is empty.
  • Cart
  • Lists
    Public lists list_1 View all
    Your lists Log in to create your own lists
  • Log in to your account
  • Your cookies
  • Search history
Southville International School and Colleges
  • Advanced search
  • Recent comments
  • Most popular
  • Libraries

Log in to your account

Log in with GOOGLE


If you do not have an external account, but do have a local account, you can still log in:

  1. Home
  2. MARC view: Cadette :
Normal view MARC view ISBD view

Cadette : (Record no. 10423)

[ view plain ]
MARC details
000 -LEADER
fixed length control field 00510nam a22001817a 4500
003 - CONTROL NUMBER IDENTIFIER
control field SISC
005 - DATE AND TIME OF LATEST TRANSACTION
control field 20160404092647.0
008 - FIXED-LENGTH DATA ELEMENTS--GENERAL INFORMATION
fixed length control field 130905t xxu||||| |||| 00| 0 eng d
050 ## - LIBRARY OF CONGRESS CALL NUMBER
Classification number HS 3359
Item number .C123 1963
082 ## - DEWEY DECIMAL CLASSIFICATION NUMBER
Classification number HS 369.46
Item number C11 1963
245 ## - TITLE STATEMENT
Title Cadette :
Remainder of title Girl Scout handbook /
260 ## - PUBLICATION, DISTRIBUTION, ETC. (IMPRINT)
Place of publication, distribution, etc New York :
Name of publisher, distributor, etc Girl Scouts of the United States of America,
Date of publication, distribution, etc c1963.
300 ## - PHYSICAL DESCRIPTION
Extent 375 p. :
Dimensions 23 cm.
500 ## - GENERAL NOTE
General note Includes index.
650 ## - SUBJECT ADDED ENTRY--TOPICAL TERM
Topical term or geographic name as entry element Girl Scout .
9 (RLIN) 16671
942 ## - ADDED ENTRY ELEMENTS (KOHA)
Source of classification or shelving scheme Library of Congress Classification
Koha item type Books
Holdings
Withdrawn status Lost status Source of classification or shelving scheme Damaged status Home library Current library Shelving location Date acquired Total Checkouts Full call number Barcode Date last seen Copy number Price effective from Koha item type
    Library of Congress Classification   Luxembourg Library Luxembourg Library   09/05/2013   HS 3359 .C123 1963 6337 04/04/2016 1 09/05/2013 Books

Cadette :

APA

(1963). Cadette. New York: Girl Scouts of the United States of America.

Chicago

1963. Cadette. New York: Girl Scouts of the United States of America.

Harvard

(1963). Cadette. New York: Girl Scouts of the United States of America.

MLA

Cadette. New York: Girl Scouts of the United States of America. 1963.

  • Place hold
  • Print
  • Cite
  • Add to your cart (remove)
  • Save record
    BIBTEX Dublin Core MARCXML MARC (non-Unicode/MARC-8) MARC (Unicode/UTF-8) MARC (Unicode/UTF-8, Standard) MODS (XML) RIS
  • More searches
    Search for this title in:
    Other Libraries (WorldCat) Other Databases (Google Scholar) Online Stores (Bookfinder.com) Open Library (openlibrary.org)

Exporting to Dublin Core...

SOUTHVILLE LIBRARY

Southville International School and Colleges Library

1281 Tropical Ave. Cor. Luxembourg St., BF Homes International, Las Pinas City

Tel. No. 8256374 / 252358 Loc. 117/146

Powered by Koha